000 00313nam a2200133Ia 4500
005 20251222155209.0
008 251222s9999||||xx |||||||||||||| ||spa||
082 _aMEQ. 86.1
100 _aWILSON, Robert.
245 0 _aUnidad de Cuidados Intensivos
250 _a1ra. ed.
264 _bNo tiene
942 _cLIB
999 _c40241
_d40241